000
00310nam a2200133Ia 4500
005
20251222152716.0
008
251222s9999||||xx |||||||||||||| ||spa||
020
_a
97819932507713
082
_a
220.561/R47
100
_a
De Reina, Casiodoro
245
0
_a
Santa Biblia
264
_b
Reina Valera
942
_c
LIB
999
_c
29415
_d
29415